000 00501nam a2200169Ia 4500
005 20250923144411.0
008 008 250917s9999 xx 000 0 eng d
037 _aTextual
040 _aDSWL
_beng
_cDSWL
041 _aeng
_2eng
084 _aY1:4:6n73:N30, H6
_qDSWL
245 0 _aSocial work year book,1945
_cEd.by Russell H Kurtz
260 _aNew York
_b Russell Sage Foundation
_c1946
300 _a620 p.
942 _cTEXL
_hY1:4:6n73:N30, H6
999 _c1438375
_d1438375